00560nam a2200193Ia 4500008004100000020002200041082001700063100001500080245002800095250000600123260003900129300001400168500002400182650001400206700002500220942000700245952009700252999001700349230525s9999 xx 000 0 und d a978-81-89866-49-5 a670.42 bSHA aS.K.Sharma 0aManufacturing processes a1 aNew DelhibI.K.Internationalc2014 aXVI,706p; aQuantity Number: 1 aMechanics aSavita Sharma945342 cBK 00104070aTATCLbTATCLcGENd2023-05-25l0o670.42 SHAp54188r2023-05-25w2023-05-25yBK c61091d61091